LOTR: Denethor - Statistics

General Stats
  • This quiz has been taken 38 times
  • The average score is 6 of 10
Answer Stats
Answer % Correct
his firstborn son Boromir
100%
his secondborn son Faramir
100%
What tool did Denethor use to gain knowledge, but caused him to age prematurely Palantir
83%
his father Ecthelion II
72%
Who did Denethor have to withstand in a battle of wills to be able to use this tool, which caused him great stress? Sauron
69%
his wife Finduilas
62%
In his despair he wanted to kill both himself and his son. He was hampered by one of his own Guards of the Citadel. What was the name of the gondorian who defied his lord's suidcidal orders? Beregond
55%
Denethor was a member of the House of the Stewards. Which House? The House of {Húrin}
45%
The actor who played Denethor in Peter Jackson's trilogy John Noble
34%
Denethor eventually succeeded in commiting suicide. What is the name of the street where the Kings and Stewards were laid to rest? Rath Dínen
28%
No matching quizzes found
Score Distribution
Percent of People with Each Score
Percentile by Number Answered
Your Score History
You have not taken this quiz